00349nam a2200133Ia 45000030006000000080041000060400015000471000015000622450075000772600030001523000006001825460010001880050017001980STCL150530s9999 xx 000 0 und d aSTCLcSTCL aGanesh M N aHindi Upanyas Sahithya Ka Adyayan Parchatya Upanyas Se Tulana Sahithya bRajpal Sons ; Delhic1966 a0 aHindi20220125171312.0